| 000 | 00759cam a22002411 4500 | ||
|---|---|---|---|
| 001 | 45214 | ||
| 003 | BD-RjUL | ||
| 005 | 20211209053959.0 | ||
| 008 | 160725r19601958xx 001 0 eng | ||
| 035 | _a(BD-RjUL)45332 | ||
| 040 |
_aDLC _cTxBeaL _dBD-RjUL _beng |
||
| 041 | _aeng | ||
| 082 |
_223 _a338.542 _bHAP 1960 |
||
| 100 | 1 |
_aHaberler, Gottfried _d1900- _9138517 |
|
| 245 | 1 | 0 |
_aProsperity and depression : _ba theoretical analysis of cyclical movements / |
| 250 | _aNew rev. and enl. [i.e. 4th] ed. | ||
| 260 |
_aLondon, _bAllen & Unwin _c1958 [reprint 1960] |
||
| 300 |
_axviii, 520 p. : _bill. ; _c23 cm. |
||
| 504 | _aBibliographical footnotes. and index | ||
| 650 | 0 |
_aBusiness cycles. _9138522 |
|
| 650 | 0 |
_aEconomics. _9138523 |
|
| 942 |
_2ddc _cBK |
||
| 999 |
_c45214 _d45214 |
||